Strategy for Digital Organization: Testing a Measurement Tool for Digital Transformation

Posúdenie pripravenosti organizácie na digitálnu transformáciu a návrh vhodnej digitálnej stratégie. Empirické testovanie dotazníka, ktorý používa MIT Center for Digital Business a Capgemini Consulting, v štátnej organizácii zo Srbska.

Saved in:
Bibliographic Details
Main Author: Kontić, Ljiljana
Other Authors: Vidicki, Đorđe
Format: Book Chapter
Language:English
Subjects:
Tags: Add Tag
No Tags, Be the first to tag this record!

MARC

LEADER 00000nla a2200000 4500
001 0242506
005 20220228125246.9
041 0 |a eng 
044 |a RS 
245 1 0 |a Strategy for Digital Organization: Testing a Measurement Tool for Digital Transformation  |c Ljiljana Kontić, Đorđe Vidicki 
520 |a Posúdenie pripravenosti organizácie na digitálnu transformáciu a návrh vhodnej digitálnej stratégie. Empirické testovanie dotazníka, ktorý používa MIT Center for Digital Business a Capgemini Consulting, v štátnej organizácii zo Srbska. 
610 2 0 |a manažment 
610 2 0 |a manažment strategický 
610 2 0 |a organizácie 
610 2 0 |a digitalizácia 
610 2 0 |a transformácia 
610 2 0 |a Srbsko 
100 1 |a Kontić, Ljiljana 
700 1 |a Vidicki, Đorđe